000 00542nam a2200169 i 4500
001 55079
003 ES-MaACL
007 t|
008 030912s1981 sp ||||1| spa d
020 _a84-7402-113
100 1 _aDelgado Gutiérrez, Alejandro.
_943458
245 1 0 _aCircuitos de alta frecuencia /
_cAlejandro Delgado Gutiérrez, Juan Zapata Ferrer.
260 _aMadrid :
_bE.T.S. Ingenieros de Telecomunicación,
_c[1981]
300 _a326 p. ;
_c29 cm.
700 1 _aZapata Ferrer, Juan.
_9117995
852 _aES-MaACL
_jL-8663
_bR.109151
999 _c55079
_d55079